|
|
|
|
| LEADER |
00000cam a2200000 4500 |
| 001 |
vtls011777221 |
| 003 |
SK-MaSNL |
| 005 |
20260425233624.0 |
| 008 |
200228s2018 xo o g 000 0 slo |
| 015 |
|
|
|a SNBA2018/10
|
| 020 |
|
|
|a 9788089547579
|q (viazané)
|
| 035 |
|
|
|a urn:nbn:sk:snk-am00dagp
|
| 035 |
|
|
|a urn:nbn:sk:snk-am3hvhv
|
| 035 |
|
|
|a 3D8F4BA2-5A6A-47C1-A3AB-5A0A0A4C430E
|
| 040 |
|
|
|a SNK
|b slo
|c SNK
|e rda
|
| 041 |
0 |
|
|a slo
|
| 043 |
|
|
|a e-xo---
|
| 044 |
|
|
|a xo
|c SK
|
| 072 |
|
7 |
|a 59
|x Zoológia
|2 konspekt
|
| 072 |
|
7 |
|a 639.1
|x Poľovníctvo
|2 konspekt
|
| 080 |
|
|
|a 592/599
|2 2011
|
| 080 |
|
|
|a 591.5
|2 2011
|
| 080 |
|
|
|a (437.6)
|2 2011
|
| 080 |
|
|
|a (048.8)
|2 2011
|
| 080 |
|
|
|a (084.12)
|2 2011
|
| 080 |
|
|
|a 639.1.02
|2 2011
|
| 080 |
|
|
|a "324"
|2 2011
|
| 100 |
1 |
|
|a Kňaze, Ivan,
|d 1946-
|4 aut
|4 pht
|9 85838
|
| 245 |
1 |
0 |
|a Zver v objatí snehu
|c Ivan Kňaze ; fotografie Ivan Kňaze
|
| 264 |
|
1 |
|a Ružomberok
|b Epos
|c 2018
|
| 300 |
|
|
|a 224 strán
|b farebné fotografie
|c 30 cm
|
| 336 |
|
|
|a text
|b txt
|2 rdacontent
|
| 336 |
|
|
|a statický obraz
|b sti
|2 rdacontent
|
| 337 |
|
|
|a bez média
|b n
|2 rdamedia
|
| 338 |
|
|
|a zväzok
|b nc
|2 rdacarrier
|
| 650 |
0 |
7 |
|a zvieratá
|2 SNKPH
|9 1091
|
| 650 |
0 |
7 |
|a správanie živočíchov
|2 SNKPH
|9 73676
|
| 650 |
0 |
7 |
|a zima
|2 SNKPH
|9 49696
|
| 650 |
0 |
7 |
|a Animals
|2 SNKPHeng
|9 267568
|
| 650 |
0 |
7 |
|a Animal behavior
|2 SNKPHeng
|9 341640
|
| 650 |
0 |
7 |
|a poľovná zver
|2 SNKPH
|9 2837
|
| 650 |
0 |
7 |
|a Game
|2 SNKPHeng
|9 333058
|
| 650 |
0 |
7 |
|a Winter
|2 SNKPHeng
|9 306700
|
| 651 |
|
7 |
|a Slovensko
|2 SNKPHgeo
|9 14231
|
| 651 |
|
7 |
|a Slovakia
|2 SNKPHeng
|9 92630
|
| 655 |
|
7 |
|a monografie
|2 SNKPH
|9 70139
|
| 655 |
|
7 |
|a fotografické publikácie
|2 SNKPH
|9 70483
|
| 655 |
|
7 |
|a Monographs
|2 SNKPHeng
|9 120675
|
| 655 |
|
7 |
|a Photographic publication
|2 SNKPHeng
|9 266858
|
| 852 |
|
|
|a Štátna vedecká knižnica v Banskej Bystrici
|
| 919 |
|
|
|a 978-80-89547-57-9
|
| 999 |
|
|
|c 771191
|d 773121
|
| 952 |
|
|
|a SNK
|b SNK
|y PREZ
|7 0
|p 17A1337006
|o snkSB 93176
|i snk2018/20294
|8 0
|0 0
|1 0
|4 0
|d 2018-10-09
|f 1
|l 0
|r 2025-05-14 00:00:00
|w 2026-02-24
|
| 952 |
|
|
|a SNK
|b SNK
|y VYP
|7 0
|p 17A1337007
|o snkSB 93176 D1
|i snk2018/20297
|8 0
|0 0
|1 0
|4 0
|d 2018-10-09
|l 0
|r 2026-02-24 00:34:47
|w 2026-02-24
|